[Event "Kieler Open 2018-A"]
[Site "Kiel"]
[Date "2018.07.28"]
[Round "1.28"]
[White "Fleischmann, Yannic"]
[Black "Haffner, Alexander"]
[Result "1/2-1/2"]
[WhiteElo "1748"]
[BlackElo "2107"]
[Annotator "NB"]
[PlyCount "103"]
[EventDate "2018.??.??"]
[WhiteTeam "Segeberg"]
[BlackTeam "SC Agon Neumünster"]

1. e4 g6 2. d4 Bg7 3. c3 d6 4. Bd3 Nd7 5. f4 c5 6. Nf3 Nh6 7. O-O O-O 8. Nbd2
a6 9. Re1 e5 10. Nc4 exd4 11. cxd4 cxd4 12. Nxd6 Nc5 13. e5 Bg4 14. h3 Bxf3 15.
Qxf3 Nxd3 16. Qxd3 Qb6 17. Rd1 Rad8 18. b3 Rxd6 19. exd6 Qxd6 20. Qd2 Nf5 21.
Bb2 Rd8 22. Qf2 h5 23. Rd2 Bh6 24. g3 h4 25. g4 Qxf4 26. Rad1 Qxf2+ 27. Rxf2
Ng3 28. Kg2 Be3 29. Rf3 Rc8 30. Rxe3 dxe3 31. Kf3 e2 32. Re1 Rc2 33. Bf6 Rxa2
34. Bxh4 Nf1 35. Rxe2 Ra3 36. Kg2 Rxb3 37. Kxf1 Rxh3 38. Bf6 Rf3+ 39. Rf2 Rxf2+
40. Kxf2 Kf8 41. Ke3 Ke8 42. Kd4 Kd7 43. Kd5 b5 44. g5 b4 45. Bd4 a5 46. Bb6 b3
47. Bd4 a4 48. Bb2 Ke8 49. Ba3 f6 50. gxf6 Kf7 51. Ke5 g5 52. Kf5 1/2-1/2

[Event "Kieler Open 2018-A"]
[Site "Kiel"]
[Date "2018.07.28"]
[Round "1.29"]
[White "Dittmann, Hans-Adolf"]
[Black "Schmidt, Gero"]
[Result "1-0"]
[WhiteElo "2102"]
[BlackElo "1741"]
[Annotator "NB"]
[PlyCount "47"]
[EventDate "2018.??.??"]
[WhiteTeam "Preetzer TSV"]
[BlackTeam "TV Mehrhoog"]

1. e4 d6 2. d4 Nf6 3. Nc3 g6 4. Bg5 Bg7 5. Qd2 O-O 6. f3 c6 7. h4 b5 8. Bh6 Qa5
9. Bxg7 Kxg7 10. h5 b4 11. Nce2 Rh8 12. h6+ Kf8 13. a3 c5 14. Nc1 Qb6 15. Nb3
Nc6 16. e5 Nd7 17. exd6 exd6 18. dxc5 dxc5 19. axb4 Qxb4 20. O-O-O Rb8 21. Qd6+
Ne7 22. Qxc5 Qf4+ 23. Kb1 Qf5 24. Qc7 1-0

[Event "Kieler Open 2018-A"]
[Site "Kiel"]
[Date "2018.07.28"]
[Round "1.30"]
[White "Marcussen, Claus"]
[Black "Wunder, Niklas"]
[Result "0-1"]
[WhiteElo "1736"]
[BlackElo "2099"]
[Annotator "NB"]
[PlyCount "104"]
[EventDate "2018.??.??"]
[WhiteTeam "Fredericia SF"]
[BlackTeam "SC Weiler im Allgäu e. V."]

1. f4 d5 2. Nf3 Nf6 3. e3 c5 4. d4 Bf5 5. c3 e6 6. Bd3 Bxd3 7. Qxd3 Nc6 8. Nbd2
Bd6 9. Ne5 O-O 10. O-O Nd7 11. Kh1 f6 12. Nxd7 Qxd7 13. dxc5 Bxc5 14. f5 exf5
15. Rxf5 Ne5 16. Qf1 Bxe3 17. Nb3 Nc4 18. Qd3 Bxc1 19. Rxd5 Nxb2 20. Rxd7 Nxd3
21. Nxc1 Nc5 22. Re7 Rfe8 23. Rxe8+ Rxe8 24. Nb3 Ne4 25. Rc1 Nxc3 26. h3 Nd5
27. Nd4 Rd8 28. Nf3 Kf7 29. Re1 Rd7 30. Kg1 b5 31. Nd4 Nc3 32. Re3 Rxd4 33.
Rxc3 a5 34. Rc7+ Kg6 35. Rc5 Rd2 36. Rxb5 Rxa2 37. Kh2 a4 38. Ra5 f5 39. Kg3
Kf6 40. Ra6+ Kg5 41. Ra7 Ra3+ 42. Kh2 Kh6 43. Ra6+ g6 44. Ra7 g5 45. g4 f4 46.
Ra6+ Kg7 47. Ra5 Ra2+ 48. Kg1 h6 49. Ra7+ Kf6 50. Ra6+ Ke5 51. Rxh6 a3 52. Rb6
Rb2 0-1

[Event "Kieler Open 2018-A"]
[Site "Kiel"]
[Date "2018.07.28"]
[Round "1.31"]
[White "Quante, Lennart"]
[Black "Wenske, Hardy"]
[Result "1-0"]
[WhiteElo "2083"]
[BlackElo "1725"]
[Annotator "NB"]
[PlyCount "87"]
[EventDate "2018.??.??"]
[WhiteTeam "SK Münster 32 e.V."]
[BlackTeam "Kieler SG"]

1. d4 d5 2. c4 c6 3. Nf3 Nf6 4. Nc3 a6 5. cxd5 cxd5 6. Bf4 Nc6 7. e3 e6 8. Rc1
Qb6 9. Bd3 Be7 10. O-O O-O 11. Na4 Qd8 12. Nd2 Bd6 13. Bg5 Be7 14. Nc5 Nd7 15.
Bxe7 Qxe7 16. a3 Nf6 17. f4 g6 18. Nxa6 bxa6 19. Rxc6 Bb7 20. Rc1 Rfc8 21. Qe2
Rxc1 22. Rxc1 Qd6 23. Nb3 Qb6 24. Nc5 Bc8 25. b4 Nd7 26. Qc2 Nf6 27. h3 Kg7 28.
Na4 Qd8 29. Qc7 Qd7 30. Nb6 Qxc7 31. Rxc7 Rb8 32. Nxc8 Ne8 33. Rc6 a5 34. b5
Nf6 35. Nd6 Ne8 36. Rc8 Rxc8 37. Nxc8 Nf6 38. b6 Nd7 39. Bb5 Nb8 40. Na7 h6 41.
Nc6 Nd7 42. b7 Kf6 43. Nxa5 g5 44. Bxd7 1-0

[Event "Kieler Open 2018-A"]
[Site "Kiel"]
[Date "2018.07.28"]
[Round "1.32"]
[White "Hoppe, Marc"]
[Black "Svane, Henrik"]
[Result "0-1"]
[WhiteElo "1723"]
[BlackElo "2081"]
[Annotator "NB"]
[PlyCount "108"]
[EventDate "2018.??.??"]
[WhiteTeam "SF Olfen 1975"]
[BlackTeam "MTV Leck von 1889"]

1. d4 d5 2. Nf3 Nf6 3. Bf4 c5 4. e3 Nc6 5. c3 Qb6 6. Qb3 c4 7. Qc2 Bf5 8. Qc1
Qa5 9. Nbd2 b5 10. Nh4 Bd7 11. b3 h6 12. Nhf3 Qb6 13. Ne5 Nxe5 14. Bxe5 e6 15.
Rb1 Qa6 16. Qc2 Be7 17. Be2 O-O 18. O-O Bc6 19. f3 Rac8 20. bxc4 bxc4 21. e4
Ba3 22. Bd1 Nd7 23. Re1 Nxe5 24. dxe5 Bc5+ 25. Kh1 Rb8 26. exd5 exd5 27. e6
fxe6 28. Rxe6 Rxb1 29. Qxb1 Qc8 30. Qg6 Re8 31. Rxe8+ Qxe8 32. Qxe8+ Bxe8 33.
Bc2 Ba3 34. Kg1 Bb2 35. Nb1 Kf7 36. Kf2 Bc1 37. Kg3 g5 38. Kg4 Kf6 39. Bh7 Bf4
40. g3 h5+ 41. Kh3 Be5 42. Kg2 Bg6 43. Bxg6 Kxg6 44. Kf2 d4 45. cxd4 Bxd4+ 46.
Ke2 g4 47. Nd2 c3 48. Nb3 Bg1 49. fxg4 hxg4 50. Kf1 Bb6 51. Kg2 Kf5 52. h4 Ke4
53. h5 Be3 54. Na1 Kd3 0-1

[Event "Kieler Open 2018-A"]
[Site "Kiel"]
[Date "2018.07.28"]
[Round "1.33"]
[White "Kleinschroth, Roland"]
[Black "Salwasser, Christian"]
[Result "1-0"]
[WhiteElo "2058"]
[BlackElo "1718"]
[Annotator "HJH"]
[PlyCount "81"]
[EventDate "2018.??.??"]
[WhiteTeam "SG Weiß-Blau Eilenriede"]
[BlackTeam "SC Rastatt"]

1. e4 e5 2. f4 exf4 3. Nf3 Nc6 4. d4 d5 5. exd5 Qxd5 6. Bxf4 Bg4 7. c3 O-O-O 8.
Be2 Qe4 9. Bg3 Re8 10. Nbd2 Qe3 11. Bf2 Qe6 12. Kf1 Bd6 13. Bc4 Qf5 14. h3 Bxf3
15. Qxf3 Qxf3 16. gxf3 f6 17. Kg2 Na5 18. Bd3 Ne7 19. Rhe1 Nd5 20. Bg3 Bxg3 21.
Kxg3 h5 22. Kf2 Nf4 23. Bf1 f5 24. h4 Nc6 25. Nc4 Ng6 26. Kg3 Nce7 27. Bh3 Kd8
28. f4 Rhf8 29. Re6 Rf6 30. Rae1 Nxf4 31. Rxf6 gxf6 32. Rxe7 Rxe7 33. Kxf4 Re4+
34. Kg3 b5 35. Bxf5 Re2 36. Na5 a6 37. Nc6+ Ke8 38. Nb4 a5 39. Nd3 Ke7 40. Kf3
Rh2 41. Nf2 1-0

[Event "Kieler Open 2018-A"]
[Site "Kiel"]
[Date "2018.07.28"]
[Round "1.34"]
[White "Callsen, Niklas"]
[Black "Besenthal, Klaus-Günther"]
[Result "1-0"]
[WhiteElo "1705"]
[BlackElo "2053"]
[Annotator "HJH"]
[PlyCount "53"]
[EventDate "2018.??.??"]

1. d4 Nc6 2. e4 e5 3. dxe5 Nxe5 4. Nf3 Nxf3+ 5. Qxf3 d6 6. Nc3 Nf6 7. h3 Be7 8.
Be3 Be6 9. O-O-O Nd7 10. Qg3 g6 11. Kb1 Nb6 12. f4 f5 13. exf5 Bxf5 14. Qf3 c6
15. g4 Be6 16. f5 Rf8 17. Qe4 Bd5 18. Nxd5 Nxd5 19. Rxd5 cxd5 20. Bb5+ Kf7 21.
Qxd5+ Kg7 22. Bd4+ Bf6 23. g5 Bxd4 24. Qxd4+ Kf7 25. fxg6+ hxg6 26. Rf1+ Kg8
27. Bc4+ 1-0

[Event "Kieler Open 2018-A"]
[Site "Kiel"]
[Date "2018.07.28"]
[Round "1.35"]
[White "Pedersen, Lars Wilton"]
[Black "Oltmanns, Marc"]
[Result "1-0"]
[WhiteElo "2053"]
[BlackElo "1698"]
[Annotator "HJH"]
[PlyCount "67"]
[EventDate "2018.??.??"]
[WhiteTeam "Fredericia"]
[BlackTeam "Raisdorf"]

1. c4 Nf6 2. Nc3 e5 3. Nf3 Nc6 4. d4 exd4 5. Nxd4 Bc5 6. e3 O-O 7. Be2 d6 8.
O-O Re8 9. Nxc6 bxc6 10. Bf3 Bb7 11. Na4 Bb6 12. Qc2 Qc8 13. c5 dxc5 14. b3 c4
15. bxc4 c5 16. Bxb7 Qxb7 17. Ba3 Qc6 18. Rad1 Re6 19. Nc3 Rd6 20. e4 Re8 21.
f3 Qb7 22. Rxd6 cxd6 23. Rd1 Qa6 24. Qa4 Qxa4 25. Nxa4 Re6 26. Bb2 h6 27. Nc3
a6 28. Kf2 Bc7 29. Ne2 g5 30. Bxf6 Rxf6 31. Rb1 d5 32. cxd5 Bxh2 33. g3 g4 34.
f4 1-0

[Event "Kieler Open 2018-A"]
[Site "Kiel"]
[Date "2018.07.28"]
[Round "1.36"]
[White "Gerigk, Daniel"]
[Black "Rieper, Julian"]
[Result "0-1"]
[WhiteElo "1690"]
[BlackElo "2048"]
[Annotator "DG"]
[PlyCount "110"]
[WhiteTeam "Stadtverw. Bonn"]
[BlackTeam "SK Doppelbauer Kiel"]

1.e4 e5 2.Nf3 Nc6 3.Bb5 a6 4.Ba4 Nf6 5.O-O Be7 6.Re1 b5 7.Bb3 O-O 8.c3 d6
9.h3 Na5 10.Bc2 c5 11.d4 Qc7 12.Nbd2 cxd4 13.cxd4 Nc6 14.Nb3 Re8 15.Be3 Bf8
16.Rc1 a5 17.Nbd2 a4 18.Nf1 Qb7 19.Ng3 g6 20.a3 Na5 21.Nd2 Bg7 22.Bd3 Be6
23.Qe2 exd4 24.Bxd4 Rab8 25.Bc3 Nc6 26.f4 d5 27.e5 Nd7 28.Nf3 Nc5 29.Bc2 Red8
30.Rcd1 Qb6 31.Kh1 b4 32.axb4 Nxb4 33.Bb1 Nb3 34.Nd4 Nc6 35.Nxb3 axb3
36.f5 gxf5 37.Nxf5 Bxf5 38.Bxf5 d4 39.Bd2 Nxe5 40.Bf4 Ng6 41.Bxb8 Qxb8
42.Bxg6 hxg6 43.Rd3 Qb4 44.Rf1 Qc4 45.Qf3 Rb8 46.Qg3 Rb5 47.Ra1 Qc2 48.Rdd1 Qxb2
49.Ra8+ Kh7 50.Qh4+ Rh5 51.Qd8 Qf2 52.Qg8+ Kh6 53.Ra7 Rxh3+ 54.gxh3 Qf3+ 55.Kh2 Be5+ 0-1

[Event "Kieler Open 2018-A"]
[Site "Kiel"]
[Date "2018.07.28"]
[Round "1.37"]
[White "Bernhardt, Gerd"]
[Black "Kunkel, Wolfgang"]
[Result "1-0"]
[WhiteElo "2033"]
[BlackElo "1681"]
[Annotator "HJH"]
[PlyCount "73"]
[EventDate "2018.??.??"]
[WhiteTeam "Eckernförde"]
[BlackTeam "Gießen"]

1. e4 e5 2. Nc3 Nc6 3. a3 a6 4. Bc4 Bc5 5. d3 d6 6. Qh5 g6 7. Qf3 Be6 8. Nge2
Qf6 9. Nd5 Qxf3 10. gxf3 O-O-O 11. b4 Ba7 12. b5 Nd4 13. Nxd4 Bxd4 14. Rb1 Bxd5
15. Bxd5 axb5 16. Bxf7 Rf8 17. Be6+ Kb8 18. Ke2 Ne7 19. Bh6 Bc5 20. Bxf8 Rxf8
21. Rxb5 Nc6 22. c3 Nd8 23. Bh3 c6 24. Rb3 h6 25. Rg1 g5 26. Bf5 d5 27. a4 Nf7
28. exd5 cxd5 29. Be6 e4 30. fxe4 dxe4 31. dxe4 Nd6 32. Bf5 Bxf2 33. Kxf2 Nxe4+
34. Ke3 Nc5 35. Bc2 Re8+ 36. Kd4 Nxb3+ 37. Bxb3 1-0

[Event "Kieler Open 2018-A"]
[Site "Kiel"]
[Date "2018.07.28"]
[Round "1.38"]
[White "Schwerdt, Alwin Elias"]
[Black "Röttig, Hans-Peter"]
[Result "0-1"]
[WhiteElo "1672"]
[BlackElo "2026"]
[Annotator "HJH"]
[PlyCount "82"]
[EventDate "2018.??.??"]
[WhiteTeam "Bad Schwartau"]
[BlackTeam "Viernheim"]

1. e4 c5 2. Nf3 d6 3. d4 cxd4 4. Nxd4 Nf6 5. Nc3 g6 6. Be2 Bg7 7. Be3 O-O 8.
O-O Nc6 9. Qd2 Ng4 10. Bxg4 Bxg4 11. h3 Bd7 12. Nf3 Re8 13. Bh6 Bh8 14. Rab1
Qa5 15. Ng5 f6 16. Nf3 Be6 17. Nd5 Rac8 18. Qxa5 Nxa5 19. c3 Nc4 20. b3 Na3 21.
Rbc1 f5 22. Nf4 Bd7 23. exf5 gxf5 24. c4 b5 25. cxb5 Nxb5 26. Rxc8 Rxc8 27. Re1
e5 28. Nd5 Rc5 29. Rd1 Be6 30. Ne3 Nd4 31. Ng5 Bd7 32. b4 Rc8 33. Kh2 Bf6 34.
Nd5 Bd8 35. Rd3 Bc6 36. Ne3 Bb5 37. Ra3 a6 38. Nd5 Rc2 39. Rc3 Rxc3 40. Nxc3
Bc4 41. g4 Bxg5 0-1

[Event "Kieler Open 2018-A"]
[Site "Kiel"]
[Date "2018.07.28"]
[Round "1.39"]
[White "Wanner, Lukas"]
[Black "Liu, Mide"]
[Result "1-0"]
[WhiteElo "2025"]
[BlackElo "1655"]
[Annotator "HJH"]
[PlyCount "93"]
[EventDate "2018.??.??"]
[WhiteTeam "SK Doppelbauer Kiel"]
[BlackTeam "Guandong"]

1. c4 Nf6 2. g3 g6 3. Bg2 d5 4. cxd5 Nxd5 5. Nc3 Nb6 6. d3 Bg7 7. Be3 O-O 8.
Qd2 c6 9. Bh6 a5 10. h4 Bxh6 11. Qxh6 Qd4 12. h5 Qg7 13. Qe3 Nd5 14. Bxd5 cxd5
15. Qxe7 Nc6 16. Qg5 h6 17. Qd2 d4 18. Nd5 g5 19. Nf3 Be6 20. Nc7 Rac8 21. Nxe6
fxe6 22. Rc1 Qd7 23. O-O Qd5 24. a3 Kh7 25. b4 axb4 26. axb4 b6 27. Nh2 Qd6 28.
b5 Ne5 29. Rc2 Qd5 30. Rxc8 Rxc8 31. Rc1 Rc5 32. Rxc5 Qxc5 33. Qa2 Qd6 34. Qa7+
Kh8 35. Qb7 Qc5 36. Qb8+ Kg7 37. Qe8 Qd6 38. Nf3 Nxf3+ 39. exf3 e5 40. Qc6 Qd8
41. Qg6+ Kf8 42. Qxh6+ Kg8 43. Qe6+ Kh7 44. Qxe5 Qf8 45. Qxd4 Qa3 46. Qxb6 Qb3
47. Qg6+ 1-0

[Event "Kieler Open 2018-A"]
[Site "Kiel"]
[Date "2018.07.28"]
[Round "1.40"]
[White "Günther, Emil"]
[Black "Lorenzen, Jan-Hendrik"]
[Result "0-1"]
[WhiteElo "1601"]
[BlackElo "2024"]
[Annotator "HJH"]
[PlyCount "70"]
[EventDate "2018.??.??"]
[WhiteTeam "Doppelbauer"]
[BlackTeam "Eckernförde"]

1. c4 Nf6 2. g3 c6 3. Bg2 d5 4. cxd5 cxd5 5. Nf3 Nc6 6. d4 e6 7. O-O Be7 8. Nc3
O-O 9. Re1 Bd7 10. Bg5 h6 11. Bf4 Nh5 12. Bd2 f5 13. e3 Be8 14. Rc1 g5 15. a3
a5 16. Na4 Nf6 17. h3 Ne4 18. Nc5 Bxc5 19. dxc5 Qf6 20. Bc3 Nxc3 21. Rxc3 a4
22. Nd4 Ne5 23. Nxe6 Rf7 24. Nd4 Rd8 25. Qc1 h5 26. Nf3 Ng6 27. Rf1 g4 28. Nh2
gxh3 29. Bxh3 h4 30. e4 dxe4 31. Kg2 Bc6 32. Rh1 e3+ 33. f3 hxg3 34. Nf1 Nf4+
35. Kxg3 Ne2+ 0-1

[Event "Kieler Open 2018-A"]
[Site "Kiel"]
[Date "2018.07.28"]
[Round "1.41"]
[White "Quiring, Nikolai"]
[Black "Witt, Holger"]
[Result "1-0"]
[WhiteElo "2006"]
[BlackElo "1579"]
[Annotator "HJH"]
[PlyCount "79"]
[EventDate "2018.??.??"]
[WhiteTeam "Rendsburg"]
[BlackTeam "Viernheim"]

1. d4 e6 2. c4 f5 3. g3 Nf6 4. Bg2 d5 5. Nh3 Bd6 6. O-O O-O 7. b3 b6 8. Nc3 c6
9. Bg5 Bb7 10. Nf4 Bxf4 11. Bxf4 Qe7 12. Qc2 Nbd7 13. a4 a5 14. Bc1 Qf7 15. Ba3
Rfe8 16. cxd5 cxd5 17. Nb5 Rac8 18. Qd2 Qh5 19. Nd6 Ba6 20. Nxc8 Rxc8 21. Rac1
Rxc1 22. Rxc1 Bxe2 23. Re1 Bf3 24. Qe3 Bxg2 25. Qxe6+ Kh8 26. Kxg2 h6 27. Be7
f4 28. f3 fxg3 29. hxg3 Qg6 30. Bxf6 Nxf6 31. Re2 Qd3 32. Qc8+ Ng8 33. Re8 Qxd4
34. Rxg8+ Kh7 35. Rh8+ Kg6 36. Qg4+ Qxg4 37. fxg4 Kf6 38. Re8 Kf7 39. Re5 d4
40. Rd5 1-0

[Event "Kieler Open 2018-A"]
[Site "Kiel"]
[Date "2018.07.28"]
[Round "1.42"]
[White "Bungarten, Jona"]
[Black "Nahnsen, Kenneth"]
[Result "0-1"]
[WhiteElo "1546"]
[BlackElo "2004"]
[Annotator "HJH"]
[PlyCount "106"]
[EventDate "2018.??.??"]
[WhiteTeam "Brackel"]
[BlackTeam "Doppelbauer"]

1. e4 d6 2. d4 Nf6 3. Nc3 Nbd7 4. Nf3 e5 5. Be2 c6 6. O-O Be7 7. dxe5 dxe5 8.
Bg5 Qc7 9. Bh4 h6 10. Bg3 g5 11. Qd2 Nh5 12. Bc4 Nf4 13. Bxf4 gxf4 14. Ne2 Nf8
15. Qc3 f6 16. Qb3 Rh7 17. a4 Bg4 18. Nh4 O-O-O 19. h3 Bd7 20. a5 Rg7 21. Qf3
Nh7 22. Nf5 Bxf5 23. exf5 Ng5 24. Qg4 f3 25. Ng3 Rd4 26. Qh5 Rxc4 27. Rac1 fxg2
28. Qe8+ Bd8 29. Kxg2 Qe7 30. Qh8 Rd4 31. Rfd1 Rh7 32. Qg8 Qf7 33. Qxf7 Rxf7
34. Rxd4 exd4 35. f4 Nh7 36. b4 c5 37. Ne4 Rg7+ 38. Kf3 cxb4 39. Nd6+ Kd7 40.
Nxb7 Be7 41. a6 Kc6 42. Ke4 Bc5 43. Nd8+ Kb5 44. Ne6 Rd7 45. Rg1 Nf8 46. Nxc5
Kxc5 47. Rg8 Re7+ 48. Kd3 Nd7 49. Rc8+ Kd5 50. Kd2 Nc5 51. Rh8 Kc4 52. Rxh6
Ne4+ 53. Kc1 Nc3 0-1

[Event "Kieler Open 2018-A"]
[Site "Kiel"]
[Date "2018.07.28"]
[Round "1.43"]
[White "Deutschbein, Christopher"]
[Black "Lin, Ze Jun"]
[Result "1-0"]
[WhiteElo "1990"]
[BlackElo "1528"]
[Annotator "HJH"]
[PlyCount "93"]
[EventDate "2018.??.??"]
[WhiteTeam "Bille SC"]
[BlackTeam "Hong Kong"]
[BlackTeamCountry "HKG"]

1. e4 c5 2. Nc3 Nc6 3. Bb5 e6 4. Bxc6 bxc6 5. d3 Ne7 6. f4 d6 7. Nf3 Ng6 8. O-O
Be7 9. Kh1 O-O 10. Ne2 Rb8 11. Ng3 f5 12. exf5 exf5 13. Nh5 Bf6 14. Nxf6+ Qxf6
15. Rb1 d5 16. b3 d4 17. a4 Be6 18. Ba3 Qe7 19. Qd2 Qd6 20. Qa5 Nxf4 21. Bxc5
Qd5 22. Rbe1 Rfe8 23. Re5 Qd7 24. Nxd4 Ng6 25. Rxe6 Rxe6 26. Nxe6 Qxe6 27. Re1
Qd5 28. Qxa7 Rd8 29. Qc7 Nh4 30. Qg3 Nxg2 31. Qxg2 Qxc5 32. Re6 Rd6 33. Rxd6
Qxd6 34. a5 Kf7 35. a6 Qc7 36. Qg1 g6 37. a7 Qb7 38. Qc5 Ke6 39. d4 Kf7 40. Kg1
h6 41. Qa5 Qe7 42. a8=Q Qe3+ 43. Kf1 Qf3+ 44. Ke1 Qe3+ 45. Kd1 Qg1+ 46. Kd2
Qxd4+ 47. Kc1 1-0

[Event "Kieler Open 2018-A"]
[Site "Kiel"]
[Date "2018.07.28"]
[Round "1.44"]
[White "Tang, Zijie"]
[Black "Kosanke, Stefan"]
[Result "0-1"]
[WhiteElo "1519"]
[BlackElo "1986"]
[Annotator "HJH"]
[PlyCount "68"]
[EventDate "2018.??.??"]
[WhiteTeam "Guandong"]
[BlackTeam "SV Bad Oldesloe"]

1. d4 Nf6 2. c4 g6 3. g3 c6 4. Bg2 Bg7 5. e4 d6 6. Ne2 O-O 7. O-O e5 8. d5 c5
9. Nbc3 a6 10. f4 Nbd7 11. h3 Ne8 12. Be3 exf4 13. gxf4 b5 14. Qb3 bxc4 15.
Qxc4 Rb8 16. Rab1 Rb4 17. Qd3 a5 18. Kh1 Qb6 19. b3 Ba6 20. Qc2 f5 21. a3 Rd4
22. Bxd4 cxd4 23. Na4 d3 24. Nxb6 dxc2 25. Nxd7 cxb1=Q 26. Rxb1 Rf7 27. b4 Bxe2
28. Nb8 fxe4 29. b5 Bd3 30. Rb3 Bc2 31. Re3 Bd4 32. Re2 Bd3 33. Rd2 Be3 34. Rb2
Bd4 0-1

[Event "Kieler Open 2018-A"]
[Site "Kiel"]
[Date "2018.07.28"]
[Round "1.45"]
[White "Begri, Felix"]
[Black "Hu, Yik Kwan"]
[Result "0-1"]
[WhiteElo "1984"]
[BlackElo "1504"]
[Annotator "HJH"]
[PlyCount "144"]
[EventDate "2018.??.??"]
[WhiteTeam "Hofheim"]
[BlackTeam "Hong Kong"]
[BlackTeamCountry "HKG"]

1. d4 Nf6 2. c4 e6 3. g3 c5 4. d5 exd5 5. cxd5 b5 6. e4 Nxe4 7. Bg2 Nd6 8. Ne2
Be7 9. O-O O-O 10. Bf4 Bb7 11. Nbc3 Qb6 12. Re1 Na6 13. a4 b4 14. a5 Qd8 15.
Nb1 Re8 16. Nd2 Bf8 17. Qc2 Qf6 18. h4 h6 19. Rad1 Qf5 20. Qxf5 Nxf5 21. Bh3
Ne7 22. d6 Ng6 23. Nc4 Bc6 24. h5 Nxf4 25. Nxf4 Rad8 26. Ne5 Nb8 27. Bf1 Ba4
28. Rd5 Bb3 29. Rd2 Rc8 30. Re3 f6 31. Rxb3 Rxe5 32. Bc4+ Kh7 33. Bd3+ f5 34.
g4 c4 35. Rc2 Bxd6 36. Bxf5+ Rxf5 37. gxf5 Bxf4 38. Rxb4 d5 39. b3 Na6 40. Rb7
Nc5 41. Rb4 cxb3 42. Rxb3 Nxb3 43. Rxc8 Nxa5 44. Rd8 Nc6 45. Rxd5 Ne7 46. Rd7
Bg5 47. Rxa7 Nxf5 48. Kg2 Kg8 49. Kh3 Ne7 50. Kg4 Kf7 51. f4 Bf6 52. f5 Ke8 53.
Rb7 Nd5 54. Ra7 Kd8 55. Rb7 Nc7 56. Kf4 Kd7 57. Ke4 Kc6 58. Rb1 Nb5 59. Rg1
Nc3+ 60. Kf3 Kd5 61. Re1 Nb5 62. Kg4 Nc3 63. Re8 Kd4 64. Re6 Nd5 65. Re8 Ne3+
66. Kf3 Nxf5 67. Re4+ Kd3 68. Ra4 Nd4+ 69. Kg4 Ke4 70. Ra8 Nc6 71. Rc8 Ne5+ 72.
Kh3 Kf4 0-1

[Event "Kieler Open 2018-A"]
[Site "Kiel"]
[Date "2018.07.28"]
[Round "1.46"]
[White "Wu, Sitang"]
[Black "Neuendorf, Max"]
[Result "0-1"]
[WhiteElo "1403"]
[BlackElo "1981"]
[Annotator "MN"]
[PlyCount "80"]
[WhiteTeam "Guandong"]
[BlackTeam "Flensburger SK"]

1. d4 d5 2. c4 c6 3. Nc3 dxc4 4. a4 Nf6 5. e3 Bf5 6. Bxc4 e6 7. Nf3 Bb4 8. O-O
O-O 9. Qe2 Nbd7 10. e4 Bg6 11. Bd3 Bh5 12. Rd1 e5 13. Be3 Qa5 14. Nb1 Rfe8 15.
Nbd2 exd4 16. Nb3 Qc7 17. Bxd4 Bd6 18. h3 Kh8 19. Nbd2 Nd5 20. Nc4 Bc5 21. Bc2
Nb4 22. Bb1 Bxd4 23. Rxd4 Nc5 24. Ncd2 a5 25. Rc4 b6 26. Ba2 Nxa4 27. b3 Nc5
28. Nf1 Bxf3 29. Qxf3 Qe5 30. Rcc1 f6 31. Nd2 b5 32. Qe3 Nc2 33. f4 Qxa1 34.
Rxa1 Nxe3 35. Rc1 Nd3 36. Rc3 Nb4 37. Bb1 Rad8 38. Nf3 Rd1+ 39. Kf2 Rxb1 40.
Kxe3 Nd5+ 0-1

[Event "Kieler Open 2018-A"]
[Site "Kiel"]
[Date "2018.07.28"]
[Round "2.1"]
[White "Beeck, Mats"]
[Black "Zeng, Chongsheng"]
[Result "1/2-1/2"]
[WhiteElo "2120"]
[BlackElo "2532"]
[Annotator "EA"]
[PlyCount "92"]
[EventDate "2018.??.??"]
[WhiteTeam "SK Doppelbauer Kiel"]
[BlackTeam "Chonqing"]

1. e4 c5 2. Nf3 Nc6 3. d4 cxd4 4. Nxd4 Qc7 5. Nc3 e6 6. Qd3 a6 7. Nxc6 bxc6 8.
Qg3 Qxg3 9. hxg3 Rb8 10. e5 f6 11. exf6 Nxf6 12. Bd3 Kf7 13. Ne4 Nxe4 14. Bxe4
g6 15. c3 Bg7 16. Bd3 d5 17. g4 c5 18. Kd1 c4 19. Be2 e5 20. Kc2 Be6 21. b3
cxb3+ 22. axb3 d4 23. Bc4 Bxc4 24. bxc4 Rhc8 25. Ra4 dxc3 26. Rxh7 Kg8 27. Rh1
e4 28. Re1 Rf8 29. Re2 Rf6 30. g5 Re6 31. c5 Rbe8 32. Rc4 Rc8 33. Ba3 Re5 34.
Rxc3 Rxg5 35. Rc4 Rxg2 36. Rcxe4 Bf8 37. Rc4 Rg5 38. Re6 a5 39. Kb3 Bxc5 40.
Bxc5 Rcxc5 41. Rxc5 Rxc5 42. Rxg6+ Kf7 43. Ra6 Rf5 44. Ka4 Rxf2 45. Kxa5 Ra2+
46. Kb6 Rxa6+ 1/2-1/2

[Event "Kieler Open 2018-A"]
[Site "Kiel"]
[Date "2018.07.28"]
[Round "2.3"]
[White "Horn, Peter"]
[Black "Krause, Benedict"]
[Result "0-1"]
[WhiteElo "2112"]
[BlackElo "2445"]
[Annotator "EA"]
[PlyCount "30"]
[EventDate "2018.??.??"]
[WhiteTeam "SC Concordia SAbt Palame"]
[BlackTeam "SK Norderstedt von 1975"]

1. d4 Nf6 2. Nf3 g6 3. Bg5 Bg7 4. Nbd2 O-O 5. e4 d5 6. exd5 Nxd5 7. c3 h6 8.
Bh4 Nd7 9. c4 Nf4 10. h3 c5 11. Nb3 cxd4 12. Nfxd4 Nc5 13. Bg3 Nh5 14. Bh2 Nxb3
15. Nxb3 Bxb2 0-1

[Event "Kieler Open 2018-A"]
[Site "Kiel"]
[Date "2018.07.28"]
[Round "2.4"]
[White "Lanka, Zigurds"]
[Black "Ghadimi, Mohammed Reza"]
[Result "1-0"]
[WhiteElo "2414"]
[BlackElo "2108"]
[Annotator "EA"]
[PlyCount "57"]
[EventDate "2018.??.??"]
[WhiteTeam "SC Viernheim"]
[BlackTeam "SK Doppelbauer Kiel"]

1. e4 c6 2. d4 d5 3. exd5 cxd5 4. c4 Nf6 5. Nc3 Nc6 6. Bg5 dxc4 7. Nf3 Bg4 8.
d5 Ne5 9. Be2 Nd3+ 10. Bxd3 cxd3 11. Qxd3 h6 12. Bxf6 exf6 13. O-O-O Bxf3 14.
Rhe1+ Be7 15. d6 Bxd1 16. Qb5+ Kf8 17. dxe7+ Qxe7 18. Rxe7 Kxe7 19. Qxb7+ Ke6
20. Qc6+ Kf5 21. Qe4+ Kg5 22. h4+ Kh5 23. Kxd1 Rad8+ 24. Kc2 Rhe8 25. Qf5+ g5
26. hxg5 fxg5 27. Qxf7+ Kh4 28. Qf5 g4 29. Qg6 1-0

[Event "Kieler Open 2018-A"]
[Site "Kiel"]
[Date "2018.07.28"]
[Round "2.5"]
[White "Wunder, Niklas"]
[Black "Voloshin, Leonid"]
[Result "0-1"]
[WhiteElo "2099"]
[BlackElo "2383"]
[Annotator "EA"]
[PlyCount "68"]
[EventDate "2018.??.??"]
[WhiteTeam "SC Weiler im Allgäu e. V."]
[BlackTeam "SG Kaiserslautern 1905"]

1. Nf3 Nf6 2. e3 c5 3. d4 cxd4 4. exd4 d5 5. Bd3 g6 6. O-O Bg7 7. Nbd2 Nc6 8.
c3 O-O 9. Qe2 Bf5 10. Bxf5 gxf5 11. Ne5 Rc8 12. Ndf3 Ne4 13. Bf4 f6 14. Nxc6
bxc6 15. Nh4 e5 16. f3 Nd6 17. Be3 f4 18. Bf2 Qd7 19. dxe5 fxe5 20. Rad1 Rf7
21. g3 Re8 22. Rfe1 fxg3 23. hxg3 Bf6 24. Ng2 Qh3 25. Ne3 h5 26. Qf1 Qe6 27.
Qg2 Bg7 28. Nf1 Qg6 29. Re2 e4 30. f4 Bh6 31. Kh2 Kh7 32. Ne3 h4 33. Rg1 hxg3+
34. Bxg3 Qh5+ 0-1

[Event "Kieler Open 2018-A"]
[Site "Kiel"]
[Date "2018.07.28"]
[Round "2.6"]
[White "Rocha, Sergio"]
[Black "Dittmann, Hans-Adolf"]
[Result "1-0"]
[WhiteElo "2373"]
[BlackElo "2102"]
[Annotator "EA"]
[PlyCount "63"]
[EventDate "2018.??.??"]
[WhiteTeam "FC Barreirense"]
[BlackTeam "Preetzer TSV"]

1. Nf3 Nf6 2. c4 e6 3. b3 b6 4. Bb2 Bb7 5. e3 Be7 6. Be2 O-O 7. O-O c5 8. Qc2
Nc6 9. Rd1 Rc8 10. d3 d5 11. Nbd2 Rc7 12. Nf1 Qa8 13. Ng3 Rd8 14. Rd2 Nb4 15.
Qb1 Ne8 16. a3 Nc6 17. Nh5 g6 18. Nf4 dxc4 19. bxc4 Bf6 20. h4 h5 21. Ng5 Ne5
22. Qd1 Rcd7 23. Rc1 Ng4 24. Bxg4 hxg4 25. Qxg4 Bxb2 26. Rxb2 Ng7 27. e4 f5 28.
Qe2 fxe4 29. dxe4 Rd4 30. Re1 Qc8 31. Nxg6 Qc7 32. h5 1-0

[Event "Kieler Open 2018-A"]
[Site "Kiel"]
[Date "2018.07.28"]
[Round "2.7"]
[White "Svane, Henrik"]
[Black "Krause, Jonah"]
[Result "0-1"]
[WhiteElo "2081"]
[BlackElo "2336"]
[Annotator "EA"]
[PlyCount "58"]
[EventDate "2018.??.??"]
[WhiteTeam "MTV Leck von 1889"]
[BlackTeam "FC ST.Pauli 1910 eV SAbt"]

1. d4 Nf6 2. c4 g6 3. Nc3 Bg7 4. e4 d6 5. f4 c5 6. d5 O-O 7. Nf3 e6 8. dxe6
fxe6 9. Bd3 Nc6 10. O-O a6 11. Ng5 e5 12. f5 gxf5 13. exf5 Nd4 14. Be3 h6 15.
Nh3 b5 16. Bxd4 cxd4 17. Nd5 bxc4 18. Bxc4 Kh8 19. g4 Rb8 20. g5 Nxd5 21. Bxd5
Bxf5 22. gxh6 Bxh3 23. hxg7+ Kxg7 24. Rxf8 Qg5+ 25. Kh1 Rxf8 26. Qe2 Qf4 27.
Rg1+ Kh6 28. Be4 Rf6 29. b4 Qe3 0-1